[Event "IECG CE.2006.0.00093 email"]
[Site "IECG email"]
[Date "2006.02.11"]
[Round "?"]
[White "De Farias, Ivan"]
[Black "Hadden, Ian"]
[Result "0-1"]
[WhiteElo "1300"]
[BlackElo "1331"]
[PlyCount "90"]
[EventDate "2006.02.11"]
[EventType "tourn (corr)"]
[EventRounds "6"]
[SourceTitle "Corr 2008"]
[Source "ChessBase"]
[SourceDate "2008.06.24"]
[SourceVersion "1"]
[SourceVersionDate "2008.06.24"]
[SourceQuality "1"]

1. d4 Nf6 2. c4 e6 3. Nc3 Bb4 4. Qb3 Nc6 5. e3 0-0 6. Bd2 d5 7. a3 Bxc3 8. bxc3 Na5 9. Qa2 dxc4 10. Bxc4 Nxc4 11. Qxc4 Qd5 12. Qxd5 exd5 13. Ne2 Bf5 14. h3 Bd3 15. Nf4 Bc4 16. Rb1 b6 17. f3 Rfd8 18. Kf2 Rac8 19. Rhe1 c5 20. Rb2 h6 21. Reb1 Rc7 22. Ne2 Bd3 23. Rd1 Re8 24. Bc1 Ba6 25. Rbd2 Rc6 26. Re1 Bc4 27. Bb2 h5 28. h4 Rce6 29. Nf4 R6e7 30. Nd3 Bxd3 31. Rxd3 c4 32. Rd2 b5 33. Rde2 a5 34. a4 b4 35. Kg3 b3 36. Kf4 Re6 37. e4 dxe4 38. fxe4 Nd5+ 39. Kf3 Rf6+ 40. Kg3 Nf4 41. Re3 Nd3 42. R1e2 Rf1 43. Rd2 Re6 44. d5 Rg6+ 45. Kh2 Nf2 0-1

[Event "IECG CE.2006.0.00093 email"]
[Site "IECG email"]
[Date "2006.02.11"]
[Round "?"]
[White "De Farias, Ivan"]
[Black "Thurrott, Allan"]
[Result "0-1"]
[WhiteElo "1300"]
[BlackElo "1302"]
[PlyCount "40"]
[EventDate "2006.02.11"]
[EventType "tourn (corr)"]
[EventRounds "6"]
[SourceTitle "Corr 2008"]
[Source "ChessBase"]
[SourceDate "2008.06.24"]
[SourceVersion "1"]
[SourceVersionDate "2008.06.24"]
[SourceQuality "1"]

1. d4 Nf6 2. c4 e6 3. Nc3 Bb4 4. Qb3 c5 5. a3 Bxc3+ 6. bxc3 Nc6 7. e3 0-0 8. Nf3 d5 9. cxd5 exd5 10. dxc5 Ne4 11. Nd4 Qf6 12. f3 Qh4+ 13. Ke2 Ng3+ 14. hxg3 Qxh1 15. Qxd5 Nxd4+ 16. cxd4 Be6 17. Qe4 Bc4+ 18. Kd2 Qxf1 19. Bb2 Qe2+ 20. Kc3 Rfe8 0-1